UBT Library

Essential papers on the psychology of women / (Record no. 44369)

000 -LEADER
fixed length control field 00725pam a2200241 a 4500
001 - CONTROL NUMBER
control field 3871099
005 - DATE AND TIME OF LATEST TRANSACTION
control field 20180308033028.0
008 - FIXED-LENGTH DATA ELEMENTS--GENERAL INFORMATION
fixed length control field 891102s1990 nyu b 001 0 eng
010 ## - LIBRARY OF CONGRESS CONTROL NUMBER
LC control number 89013560
020 ## - INTERNATIONAL STANDARD BOOK NUMBER
International Standard Book Number 0814796672 (alk. paper) :
Terms of availability $55.00
020 ## - INTERNATIONAL STANDARD BOOK NUMBER
International Standard Book Number 0814796680 (pbk. : alk. paper) :
Terms of availability $25.00
040 ## - CATALOGING SOURCE
Original cataloging agency DLC
Transcribing agency DLC
Modifying agency DLC
041 ## - LANGUAGE CODE
Language code of text/sound track or separate title eng
080 ## - UNIVERSAL DECIMAL CLASSIFICATION NUMBER
Universal Decimal Classification number 155.633
082 00 - DEWEY DECIMAL CLASSIFICATION NUMBER
Classification number 155.633 ZAN
Edition number 20
100 ## - Rafti
Rafti 49
101 ## - Shkurtesa
Shkurtesa PSI
245 00 - TITLE STATEMENT
Title Essential papers on the psychology of women /
Statement of responsibility, etc Claudia Zanardi, editor.
504 ## - BIBLIOGRAPHY, ETC. NOTE
Bibliography, etc Includes bibliographical references and indexes.
906 ## - LOCAL DATA ELEMENT F, LDF (RLIN)
a 7
b cbc
c orignew
d 1
e ocip
f 19
g y-gencatlg
942 ## - ADDED ENTRY ELEMENTS (KOHA)
Source of classification or shelving scheme
Item type Books
Holdings
Withdrawn status Lost status Source of classification or shelving scheme Damaged status Not for loan Collection code Permanent location Current location Shelving location Date acquired Total Checkouts Full call number Barcode Date last seen Price effective from Koha item type
          Koleksioni i përgjithshem UBT - Lipjan UBT - Lipjan Koleksioni i përgjithshem 03/08/2018   155.633 ZAN 002-3000930 03/08/2018 03/08/2018 Books
UBT Library © 2015-2024. All rights reserved University Education for Business and Technology